00393nam a2200157Ia 45000010006000000050017000060080041000230410008000640820015000721000024000872450071001112600009001823000028001916500008002196540008002271952320260306172659.0260306t2007||||xx |||||||||||||| ||spa|| aESP a340.1bS13 aSacco, RodolfoeAUT 0aAntropologia giuridica:bcontributo ad una macrostoria del diritto c2007 a352 páginas :c21 cm. aGEN aCDE